000 01117nas a2200301 4500
001 BR2013005136
003 BR-BrBNA
005 20231205122551.0
007 ta
008 230509b bl.|||p| |||| 00| 00por d
040 _aBR-BrBNA
_bpor
_cBiblioteca Nacional de Agricultura
041 _a(En)
072 _aL10
100 1 _aBarbosa, M. de O.
100 1 _aSilva, R.R. da
100 1 _aCorreia, V.C. de S.
100 1 _aSantos, L.P. dos
100 1 _aGarnero, A. del V.
100 1 _aGunski, R.J.
245 1 _aNucleolar organizer regions in Sittasomus griseicapillus and Lepidocolaptes angustirostris (Aves, Dendrocolaptidae): Evidence of a chromosome inversion
246 1 _aNucleolar organizer regions in Sittasomus griseicapillus and Lepidocolaptes angustirostris (Aves, Dendrocolaptidae); Evidence of a chromosome inversion
650 _aGENÉTICA ANIMAL
650 _aNÚCLEO
650 _aAVE SELVAGEM
773 0 _tGenetics and Molecular Biology (Brazil)
_xISSN 1415-4757
_g(Mar 2013), v. 36(1) p. 70-73
_wBR2013005136
909 _a202311
_bLúcia
_c55
_dLúcia Elande
942 _2AGRIS
_n0
_cANA
999 _c229331
_d229331